[Event "Nezhmetdinov Memorial 39th"]
[Site "Kazan"]
[Date "2017.06.06"]
[Round "7"]
[White "Protopopova, Anastasiya"]
[Black "Murzin, Lenar"]
[Result "0-1"]
[WhiteElo "2244"]
[BlackElo "2028"]
[PlyCount "120"]
[EventDate "2017.05.31"]
[EventType "swiss"]
[EventRounds "9"]
[EventCountry "RUS"]
[SourceTitle "EXT 2018"]
[Source "ChessBase"]
[SourceDate "2017.10.13"]
[SourceVersion "1"]
[SourceVersionDate "2017.10.13"]
[SourceQuality "1"]

1. d4 Nf6 2. c4 e6 3. Nc3 Bb4 4. e3 0-0 5. Nge2 d5 6. a3 Be7 7. cxd5 exd5 8. g3 a5 9. Bg2 c6 10. 0-0 Na6 11. f3 c5 12. dxc5 Bxc5 13. Nd4 Nc7 14. Qd3 a4 15. Rd1 Re8 16. b4 axb3 17. Nxb3 Bb6 18. Kh1 Bd7 19. Ra2 h6 20. Re2 Qc8 21. g4 Ra6 22. Bb2 Ba7 23. Nd4 Bc5 24. Rc2 b6 25. Ra1 Re7 26. Nd1 Nfe8 27. Nb3 Bb5 28. Qd2 Bd6 29. Nd4 Bd7 30. h3 Qa8 31. Qd3 Ra4 32. f4 Qa6 33. Qb3 Ra5 34. Rd2 Bc5 35. Kg1 Nd6 36. Qc3 Nde8 37. Nb3 d4 38. exd4 Bd6 39. Nxa5 bxa5 40. Rf2 Nf6 41. Ne3 Ne4 42. Bxe4 Rxe4 43. d5 Ne8 44. Raf1 Qa7 45. Bc1 Bc5 46. Rf3 Bb5 47. Re1 Nd6 48. Kg2 Bd4 49. Qb3 Qa8 50. Bd2 Bxe3 51. Rfxe3 Bc4 52. Qc3 Rxf4 53. Re8+ Nxe8 54. Bxf4 Bxd5+ 55. Kg1 Nf6 56. Rc1 Be6 57. Bxh6 Qe4 58. Bxg7 Bd5 59. Qg3 Qh1+ 60. Kf2 Ne4+ 0-1

[Event "Nezhmetdinov Memorial 39th"]
[Site "Kazan"]
[Date "2017.06.02"]
[Round "3"]
[White "Faizrakhmanov, Ramil"]
[Black "Murzin, Lenar"]
[Result "1-0"]
[WhiteElo "2439"]
[BlackElo "2028"]
[PlyCount "59"]
[EventDate "2017.05.31"]
[EventType "swiss"]
[EventRounds "9"]
[EventCountry "RUS"]
[SourceTitle "EXT 2018"]
[Source "ChessBase"]
[SourceDate "2017.10.13"]
[SourceVersion "1"]
[SourceVersionDate "2017.10.13"]
[SourceQuality "1"]

1. d4 Nf6 2. c4 e6 3. Nf3 d5 4. Nc3 Bb4 5. cxd5 exd5 6. Bg5 h6 7. Bxf6 Qxf6 8. Qb3 Nc6 9. Qxd5 0-0 10. e3 Qg6 11. Qb3 Re8 12. d5 Bxc3+ 13. Qxc3 Ne7 14. 0-0-0 Qb6 15. Bc4 Nf5 16. Kb1 Nd6 17. Ka1 Bd7 18. Nd4 a5 19. Bd3 a4 20. Rc1 a3 21. b3 Ne4 22. Qc2 f5 23. Bxe4 Rxe4 24. Qxc7 Qf6 25. Rhd1 Rc8 26. Qxd7 Rxc1+ 27. Rxc1 Rxd4 28. Qc8+ Kh7 29. exd4 Qxd4+ 30. Qc3 1-0

[Event "Nezhmetdinov Memorial 39th"]
[Site "Kazan"]
[Date "2017.05.31"]
[Round "1"]
[White "Maiorov, Nikita"]
[Black "Murzin, Lenar"]
[Result "1-0"]
[WhiteElo "2527"]
[BlackElo "2028"]
[PlyCount "97"]
[EventDate "2017.05.31"]
[EventType "swiss"]
[EventRounds "9"]
[EventCountry "RUS"]
[SourceTitle "CBM 178 Extra"]
[Source "ChessBase"]
[SourceDate "2017.06.22"]
[SourceVersion "1"]
[SourceVersionDate "2017.06.22"]
[SourceQuality "1"]

1. d4 d5 2. c4 dxc4 3. Nf3 Nf6 4. e3 e6 5. Bxc4 c5 6. 0-0 a6 7. dxc5 Qxd1 8. Rxd1 Bxc5 9. Nfd2 0-0 10. Nb3 Be7 11. Nc3 b6 12. e4 Bb7 13. f3 Rc8 14. Be2 Nbd7 15. Be3 Rc7 16. Na4 b5 17. Nb6 Rb8 18. g4 h6 19. h4 Nxb6 20. Bxb6 Rc2 21. Bd3 Rcc8 22. Ba7 Ra8 23. Be3 Rc7 24. Na5 Nd7 25. Rac1 Rxc1 26. Rxc1 Ne5 27. Be2 Bc8 28. f4 Bd8 29. Nb3 Nd7 30. g5 hxg5 31. hxg5 Bb7 32. Rd1 Nf8 33. Bf3 Bc7 34. Nc5 Bb6 35. Kf2 Bc6 36. Nd3 Bxe3+ 37. Kxe3 Rd8 38. b4 Bb7 39. Rc1 Rc8 40. Rxc8 Bxc8 41. e5 Nd7 42. Kd4 Kf8 43. Nc5 Nb6 44. Nb7 Ke7 45. Nd6 Bd7 46. Bb7 f6 47. a3 f5 48. Bxa6 Bc6 49. Nc8+ 1-0

[Event "Tatarstan-ch"]
[Site "Kazan"]
[Date "2016.09.16"]
[Round "1"]
[White "Utyaganov, Aleksandr"]
[Black "Murzin, Lenar"]
[Result "0-1"]
[WhiteElo "1569"]
[BlackElo "2069"]
[PlyCount "106"]
[EventDate "2016.09.16"]
[EventType "swiss"]
[EventRounds "9"]
[EventCountry "RUS"]
[SourceTitle "CBM 174 Extra"]
[Source "ChessBase"]
[SourceDate "2016.10.10"]
[SourceVersion "1"]
[SourceVersionDate "2016.10.10"]
[SourceQuality "1"]

1. d4 Nf6 2. c4 e6 3. Nc3 Bb4 4. Bg5 c5 5. Bxf6 Qxf6 6. e3 Nc6 7. Nf3 Bxc3+ 8. bxc3 0-0 9. Bd3 b6 10. 0-0 Ba6 11. Nd2 Na5 12. f4 Rac8 13. Rc1 d5 14. Qe2 Nxc4 15. Nxc4 Bxc4 16. Bxc4 dxc4 17. Qxc4 cxd4 18. Qxd4 Rfd8 19. Qa4 Qe7 20. Qb4 Qc5 21. Qxc5 Rxc5 22. e4 g6 23. Rf3 Rc4 24. Rc2 Rxe4 25. g3 Rd1+ 26. Kf2 Rh1 27. Kg2 Rhe1 28. Rff2 Rc4 29. Rf3 Kg7 30. Rd3 Ra1 31. Kf3 h5 32. Rd4 Rc5 33. Ra4 a5 34. Rd4 b5 35. Rdd2 Re1 36. h4 Kf6 37. Rd7 b4 38. c4 Rb1 39. Rd3 a4 40. Rdd2 Kf5 41. Rd7 f6 42. Rdd2 b3 43. axb3 Rxb3+ 44. Kf2 Rb4 45. Rd4 e5 46. fxe5 fxe5 47. Rd8 Rbxc4 48. Rf8+ Kg4 49. Rxc4+ Rxc4 50. Rg8 Kf5 51. Rf8+ Ke4 52. Rf6 Rc2+ 53. Kg1 a3 0-1

[Event "Cholpon Ata Issyk Kul op"]
[Site "Cholpon Ata"]
[Date "2016.06.22"]
[Round "2"]
[White "Ishenov, Bakay"]
[Black "Murzin, Lenar"]
[Result "0-1"]
[WhiteElo "2050"]
[BlackElo "2093"]
[PlyCount "82"]
[EventDate "2016.06.21"]
[EventType "swiss"]
[EventRounds "9"]
[EventCountry "KGZ"]
[SourceTitle "EXT 2017"]
[Source "ChessBase"]
[SourceDate "2016.10.25"]
[SourceVersion "1"]
[SourceVersionDate "2016.10.25"]
[SourceQuality "1"]

1. d4 Nf6 2. c4 e6 3. Nf3 b6 4. Bg5 Bb7 5. Nc3 Bb4 6. e3 h6 7. Bh4 g5 8. Bg3 Ne4 9. Qc2 Bxc3+ 10. bxc3 d6 11. Bd3 f5 12. h3 Nd7 13. Bh2 Qf6 14. Rg1 0-0-0 15. Nd2 Nxd2 16. Kxd2 Rhf8 17. f3 e5 18. a4 a5 19. Raf1 f4 20. exf4 gxf4 21. Be4 exd4 22. Bxb7+ Kxb7 23. Qe4+ Kb8 24. Qxd4 Ne5 25. Re1 Qf7 26. Re4 Nxc4+ 27. Kc2 Ne5 28. Rb1 Qg6 29. Kc1 Nd7 30. Rb2 Nc5 31. Bg1 d5 32. Qxc5 dxe4 33. Bd4 Rfe8 34. Qxa5 Rxd4 35. cxd4 exf3 36. Qb5 Re1+ 37. Kd2 Re2+ 38. Kc1 Rxb2 39. Kxb2 fxg2 40. Qd5 g1Q 41. Qd8+ Kb7 0-1

[Event "Nezhmetdinov Memorial 38th"]
[Site "Kazan"]
[Date "2016.06.08"]
[Round "9"]
[White "Obolentseva, Alexandra"]
[Black "Murzin, Lenar"]
[Result "1-0"]
[WhiteElo "2324"]
[BlackElo "2104"]
[PlyCount "75"]
[EventDate "2016.05.31"]
[EventType "swiss"]
[EventRounds "9"]
[EventCountry "RUS"]
[SourceTitle "CBM 172 Extra"]
[Source "ChessBase"]
[SourceDate "2016.06.21"]
[SourceVersion "1"]
[SourceVersionDate "2016.06.21"]
[SourceQuality "1"]

1. d4 Nf6 2. c4 e6 3. Nf3 b6 4. g3 Ba6 5. Qc2 Bb7 6. Bg2 c5 7. 0-0 cxd4 8. Nxd4 Bxg2 9. Kxg2 Qc8 10. Rd1 a6 11. Bg5 Be7 12. Nd2 Qb7+ 13. Kg1 0-0 14. N2f3 h6 15. Bf4 Rc8 16. Qd3 d6 17. Bd2 Nbd7 18. b4 Bf8 19. Qb3 b5 20. cxb5 axb5 21. Qd3 Rab8 22. Nb3 e5 23. Na5 Qa8 24. Qb3 Qe4 25. Qd3 Qg4 26. Ne1 e4 27. Qe3 Qh3 28. f3 Ne5 29. Qf2 Re8 30. Bc3 Rbc8 31. Rac1 d5 32. a3 Rc7 33. Bxe5 Rxc1 34. Rxc1 Rxe5 35. Nc6 Re8 36. Ng2 Bd6 37. Ne3 h5 38. f4 1-0

[Event "Nezhmetdinov Memorial 38th"]
[Site "Kazan"]
[Date "2016.06.04"]
[Round "5"]
[White "Obodenko, Amir"]
[Black "Murzin, Lenar"]
[Result "1-0"]
[WhiteElo "2263"]
[BlackElo "2104"]
[PlyCount "75"]
[EventDate "2016.05.31"]
[EventType "swiss"]
[EventRounds "9"]
[EventCountry "RUS"]
[SourceTitle "CBM 172 Extra"]
[Source "ChessBase"]
[SourceDate "2016.06.21"]
[SourceVersion "1"]
[SourceVersionDate "2016.06.21"]
[SourceQuality "1"]

1. e4 c5 2. Nf3 e6 3. c3 d5 4. exd5 Qxd5 5. d4 Nf6 6. Na3 Nc6 7. Nb5 Qd8 8. dxc5 Bxc5 9. Bf4 Nd5 10. Bg3 a6 11. Nbd4 Bd7 12. Be2 0-0 13. 0-0 Qb6 14. Nb3 Be7 15. c4 Nf6 16. c5 Qd8 17. Rc1 Rc8 18. Nfd2 Nb4 19. Nc4 Nxa2 20. Ra1 Nb4 21. Nb6 Bc6 22. Nxc8 Qxc8 23. Qd2 Nbd5 24. Bf3 Rd8 25. Rfc1 h6 26. Na5 Bb5 27. Nc4 Qxc5 28. Nd6 Qb6 29. Nc8 Rxc8 30. Rxc8+ Kh7 31. Be5 Bc6 32. Qc2+ g6 33. Bxd5 exd5 34. Rc7 Nd7 35. Qe2 Bb5 36. Qe1 Bd8 37. Rc8 Nxe5 38. Qxe5 1-0

[Event "Nezhmetdinov Memorial 38th"]
[Site "Kazan"]
[Date "2016.06.02"]
[Round "3"]
[White "Gubajdullin, Alexey"]
[Black "Murzin, Lenar"]
[Result "1-0"]
[WhiteElo "2346"]
[BlackElo "2104"]
[PlyCount "63"]
[EventDate "2016.05.31"]
[EventType "swiss"]
[EventRounds "9"]
[EventCountry "RUS"]
[SourceTitle "CBM 172 Extra"]
[Source "ChessBase"]
[SourceDate "2016.06.21"]
[SourceVersion "1"]
[SourceVersionDate "2016.06.21"]
[SourceQuality "1"]

1. Nf3 Nf6 2. b3 b6 3. Bb2 e6 4. e3 Bb7 5. d4 c5 6. Bd3 Be7 7. 0-0 Nc6 8. a3 0-0 9. Nbd2 cxd4 10. exd4 d6 11. c4 Rc8 12. Rc1 Re8 13. Re1 h6 14. Bb1 Nb8 15. d5 exd5 16. Nd4 g6 17. Qf3 Nbd7 18. Qh3 Bf8 19. Nf5 Rxe1+ 20. Rxe1 gxf5 21. Bxf5 Bg7 22. Re3 Ne5 23. Rg3 Kf8 24. f4 Ng6 25. Bxg6 fxg6 26. Rxg6 Rc7 27. Rxh6 d4 28. Bxd4 Bxh6 29. Qxh6+ Kf7 30. f5 Ng8 31. Qg7+ Ke8 32. Qxg8+ 1-0

[Event "Nezhmetdinov Memorial 37th"]
[Site "Kazan"]
[Date "2015.06.02"]
[Round "3"]
[White "Murzin, Lenar"]
[Black "Rozmanov, Aleksandr"]
[Result "1-0"]
[WhiteElo "2142"]
[BlackElo "1893"]
[PlyCount "63"]
[EventDate "2015.05.31"]
[EventType "swiss"]
[EventRounds "9"]
[EventCountry "RUS"]
[SourceTitle "CBM 166 Extra"]
[Source "ChessBase"]
[SourceDate "2015.06.18"]
[SourceVersion "1"]
[SourceVersionDate "2015.06.18"]
[SourceQuality "1"]

1. d4 d5 2. c4 e6 3. Nc3 Nf6 4. cxd5 exd5 5. Bg5 Nbd7 6. e3 Be7 7. Bd3 0-0 8. Nf3 h6 9. Bh4 b6 10. 0-0 Bb7 11. Rc1 a6 12. h3 Ne4 13. Bxe7 Qxe7 14. Qb3 c5 15. Nxd5 Bxd5 16. Qxd5 Ndf6 17. Qe5 Qb7 18. Rfd1 Rfe8 19. Qf4 Rad8 20. dxc5 Nxc5 21. Bf5 Nd5 22. Qh4 Nf6 23. b4 Rxd1+ 24. Rxd1 Nce4 25. Qf4 Nc3 26. Rd2 Nfe4 27. Bxe4 Qxe4 28. Qxe4 Rxe4 29. Nd4 Nd5 30. a3 Re7 31. Nf5 Rd7 32. Rxd5 1-0

[Event "Nezhmetdinov Memorial 37th"]
[Site "Kazan"]
[Date "2015.05.31"]
[Round "1"]
[White "Murzin, Lenar"]
[Black "Mamedov, Nidjat"]
[Result "0-1"]
[WhiteElo "2142"]
[BlackElo "2604"]
[PlyCount "68"]
[EventDate "2015.05.31"]
[EventType "swiss"]
[EventRounds "9"]
[EventCountry "RUS"]
[SourceTitle "CBM 166 Extra"]
[Source "ChessBase"]
[SourceDate "2015.06.18"]
[SourceVersion "1"]
[SourceVersionDate "2015.06.18"]
[SourceQuality "1"]

1. d4 d6 2. e4 Nf6 3. Nc3 Nbd7 4. Nf3 e5 5. Bc4 Be7 6. 0-0 0-0 7. Re1 c6 8. a4 h6 9. b3 Qc7 10. Bb2 Re8 11. Nh4 exd4 12. Qxd4 Ne5 13. Bf1 Nfg4 14. Nf5 Bxf5 15. exf5 d5 16. f4 Qa5 17. Ba3 Bxa3 18. Rxa3 c5 19. Qd2 c4 20. Kh1 Qc5 21. h3 Qf2 22. Qxf2 Nxf2+ 23. Kg1 Nxh3+ 24. Kh1 Nxf4 25. bxc4 Nxc4 26. Raa1 Ne3 27. Bd3 Nfxg2 28. Reb1 b6 29. a5 Nf4 30. axb6 axb6 31. Rxa8 Rxa8 32. Rxb6 Nxd3 33. cxd3 d4 34. Ne2 Ra1+ 0-1

[Event "Izhevsk Corporation Cup 6th"]
[Site "Izhevsk"]
[Date "2014.07.20"]
[Round "8"]
[White "Murzin, Lenar"]
[Black "Imashev, Ildar"]
[Result "1-0"]
[WhiteElo "2127"]
[BlackElo "2259"]
[PlyCount "117"]
[EventDate "2014.07.12"]
[EventType "swiss"]
[EventRounds "9"]
[EventCountry "RUS"]
[SourceTitle "CBM 161 Extra"]
[Source "ChessBase"]
[SourceDate "2014.08.29"]
[SourceVersion "1"]
[SourceVersionDate "2014.08.29"]
[SourceQuality "1"]

1. d4 d5 2. c4 e6 3. Nc3 Nf6 4. cxd5 exd5 5. Bg5 Be7 6. e3 c6 7. Qc2 Nbd7 8. Bd3 Nf8 9. Nf3 Ne6 10. Bh4 g6 11. 0-0 Ng7 12. Rab1 a5 13. a3 Bf5 14. b4 axb4 15. axb4 Bxd3 16. Qxd3 Nf5 17. Bxf6 Bxf6 18. b5 Ra3 19. bxc6 bxc6 20. Ra1 Qa5 21. Rxa3 Qxa3 22. Rd1 Kf8 23. Qc2 Kg7 24. Na4 Ra8 25. Nc5 Ra7 26. h3 Nd6 27. Nd2 Be7 28. Rb1 Nb5 29. Ndb3 Qb4 30. Nd3 Qc4 31. Qd2 Bd6 32. Nbc5 Ra2 33. Qe1 Bxc5 34. Nxc5 Nc3 35. Rb7 Rc2 36. Kh2 h5 37. Ne6+ Kg8 38. f3 Qa6 39. Rb8+ Kh7 40. Ng5+ Kg7 41. Qg3 Qa7 42. Qe5+ f6 43. Ne6+ Kh7 44. Rh8+ Kxh8 45. Qxf6+ Kh7 46. Ng5+ Kg8 47. Qxg6+ Qg7 48. Qxc2 Qxg5 49. Qxc3 Qf6 50. Qd2 Qe6 51. Qf2 Kf7 52. e4 Qf6 53. Qe3 Qe6 54. Qf4+ Ke8 55. exd5 Qxd5 56. Qe5+ Qxe5+ 57. dxe5 c5 58. Kg1 c4 59. Kf2 1-0

[Event "Izhevsk Corporation Cup 6th"]
[Site "Izhevsk"]
[Date "2014.07.14"]
[Round "3"]
[White "Khayrullin, Denis"]
[Black "Murzin, Lenar"]
[Result "0-1"]
[WhiteElo "2354"]
[BlackElo "2127"]
[PlyCount "34"]
[EventDate "2014.07.12"]
[EventType "swiss"]
[EventRounds "9"]
[EventCountry "RUS"]
[SourceTitle "CBM 161 Extra"]
[Source "ChessBase"]
[SourceDate "2014.08.29"]
[SourceVersion "1"]
[SourceVersionDate "2014.08.29"]
[SourceQuality "1"]

1. d4 Nf6 2. c4 e6 3. Nf3 b6 4. g3 Ba6 5. Qa4 Bb7 6. Bg2 c5 7. dxc5 bxc5 8. 0-0 Be7 9. Nc3 0-0 10. Rd1 d6 11. Bf4 Qb6 12. Rd2 Nc6 13. Qb3 Na5 14. Qxb6 axb6 15. b3 Nxb3 16. Rad1 Nxd2 17. Nxd2 Rfd8 0-1

[Event "Nezhmetdinov Memorial 36th"]
[Site "Kazan"]
[Date "2014.06.01"]
[Round "2"]
[White "Murzin, Lenar"]
[Black "Tunik, Gennady"]
[Result "0-1"]
[WhiteElo "2115"]
[BlackElo "2430"]
[PlyCount "94"]
[EventDate "2014.05.31"]
[EventType "swiss"]
[EventRounds "9"]
[EventCountry "RUS"]
[SourceTitle "CBM 160 Extra"]
[Source "ChessBase"]
[SourceDate "2014.07.01"]
[SourceVersion "1"]
[SourceVersionDate "2014.07.01"]
[SourceQuality "1"]

1. e4 c5 2. d4 cxd4 3. Nf3 Nc6 4. Nxd4 e6 5. Nc3 a6 6. Be3 Nf6 7. Bd3 Qc7 8. 0-0 Nxd4 9. Bxd4 Bc5 10. Bxc5 Qxc5 11. a4 b6 12. Qd2 d6 13. Rfb1 Bb7 14. b4 Qe5 15. f4 Qd4+ 16. Kh1 0-0 17. Qe1 e5 18. Ne2 Qe3 19. Ng3 Qxe1+ 20. Rxe1 exf4 21. Nf5 Rfd8 22. a5 g6 23. Ne7+ Kf8 24. Nd5 Bxd5 25. exd5 b5 26. Kg1 Rac8 27. Rad1 Nxd5 28. Bxb5 Nxb4 29. Ba4 Nxc2 30. Re4 Ne3 31. Rb1 Rc4 32. Rb4 Rxe4 33. Rxe4 Rc8 34. Kf2 Ng4+ 35. Ke2 Rc5 36. Rxf4 Ne5 37. Bb3 Rxa5 38. h4 Rb5 39. Bc2 h5 40. Ra4 a5 41. Ke3 Rb4 42. g3 Rxa4 43. Bxa4 Ke7 44. Kd4 Nd7 45. Bd1 f5 46. Bc2 Nc5 47. Kd5 a4 0-1

[Event "Izhevsk Corporation Cup-A 3rd"]
[Site "Izhevsk"]
[Date "2011.07.19"]
[Round "5"]
[White "Savchuk, Vladimir"]
[Black "Murzin, Lenar"]
[Result "1-0"]
[WhiteElo "2122"]
[BlackElo "2158"]
[PlyCount "95"]
[EventDate "2011.07.15"]
[EventType "swiss"]
[EventRounds "9"]
[EventCountry "RUS"]
[SourceTitle "CBM 143 Extra"]
[Source "ChessBase"]
[SourceDate "2011.08.29"]
[SourceVersion "1"]
[SourceVersionDate "2011.08.29"]
[SourceQuality "1"]

1. d4 Nf6 2. c4 e6 3. Nc3 Bb4 4. Qc2 c5 5. e3 Nc6 6. Nf3 0-0 7. Bd3 cxd4 8. exd4 d5 9. Be3 Be7 10. a3 dxc4 11. Bxc4 Bd7 12. 0-0 Rc8 13. Qe2 Qc7 14. Ba2 Rfd8 15. Rac1 Qb8 16. Bg5 h6 17. Bh4 Ng4 18. Bg3 Bd6 19. Ne4 Bf4 20. Rcd1 h5 21. Nfg5 Be8 22. h3 Nh6 23. d5 exd5 24. Bxd5 Qe5 25. Bxf4 Qxf4 26. Ba2 h4 27. Nf3 Nf5 28. Rxd8 Rxd8 29. Nc3 a6 30. Nd5 Qd6 31. Qe4 Bd7 32. Nxh4 Nxh4 33. Qxh4 Re8 34. Rd1 Bf5 35. Ne3 Bd3 36. Bb1 Ne5 37. Ng4 Qc7 38. Qg3 Bxb1 39. Nf6+ Kf8 40. Nxe8 Kxe8 41. Rxb1 f6 42. Re1 Kf8 43. Qe3 Qd7 44. Qb3 Qd2 45. Rd1 Qe2 46. Qb4+ Kg8 47. Qd2 Qe4 48. Qd5+ 1-0

[Event "Izhevsk Corporation Cup-A 3rd"]
[Site "Izhevsk"]
[Date "2011.07.17"]
[Round "3"]
[White "Gerasimov, Ivan"]
[Black "Murzin, Lenar"]
[Result "1-0"]
[WhiteElo "2350"]
[BlackElo "2158"]
[PlyCount "91"]
[EventDate "2011.07.15"]
[EventType "swiss"]
[EventRounds "9"]
[EventCountry "RUS"]
[SourceTitle "CBM 143 Extra"]
[Source "ChessBase"]
[SourceDate "2011.08.29"]
[SourceVersion "1"]
[SourceVersionDate "2011.08.29"]
[SourceQuality "1"]

1. e4 c5 2. Nf3 e6 3. d4 cxd4 4. Nxd4 Nc6 5. Nc3 Qc7 6. f4 a6 7. Nxc6 Qxc6 8. Be2 Bc5 9. Bf3 d6 10. Qd3 Ne7 11. Be3 Bd7 12. Bd4 Bxd4 13. Qxd4 Qc5 14. Qxg7 Qe3+ 15. Ne2 Rg8 16. Qc3 Qxc3+ 17. Nxc3 Ng6 18. g3 Bc6 19. Kf2 0-0-0 20. Rad1 Kc7 21. Rd2 Ne7 22. Re1 Nc8 23. Bh5 Rd7 24. Ke3 Nb6 25. b3 a5 26. Be2 Rdd8 27. a3 Nd7 28. Red1 Nb6 29. Nb5+ Bxb5 30. Bxb5 h5 31. Be2 h4 32. gxh4 Nc8 33. Bf3 Rg7 34. h5 Rh8 35. e5 d5 36. c4 Ne7 37. cxd5 Nxd5+ 38. Bxd5 exd5 39. Rxd5 Rxh5 40. Rd7+ Kc8 41. e6 Rh3+ 42. Ke4 f5+ 43. Kxf5 Rxd7 44. Rxd7 Rxb3 45. Rd1 Re3 46. Kf6 1-0

[Event "Izhevsk Corporation Cup-A 3rd"]
[Site "Izhevsk"]
[Date "2011.07.15"]
[Round "1"]
[White "Kupreichik, Viktor D"]
[Black "Murzin, Lenar"]
[Result "1-0"]
[WhiteElo "2433"]
[BlackElo "2158"]
[PlyCount "111"]
[EventDate "2011.07.15"]
[EventType "swiss"]
[EventRounds "9"]
[EventCountry "RUS"]
[SourceTitle "CBM 143 Extra"]
[Source "ChessBase"]
[SourceDate "2011.08.29"]
[SourceVersion "1"]
[SourceVersionDate "2011.08.29"]
[SourceQuality "1"]

1. e4 e6 2. d4 d5 3. Nc3 Nf6 4. Bg5 dxe4 5. Nxe4 Be7 6. Bxf6 Bxf6 7. Nf3 0-0 8. Qd2 b6 9. 0-0-0 Bb7 10. Qf4 Bxe4 11. Qxe4 Qd5 12. Bd3 Qxe4 13. Bxe4 c6 14. Ne5 Rc8 15. Rd3 a5 16. Rhd1 Ra7 17. a4 g6 18. f4 Kg7 19. Nc4 Ra6 20. Rb3 b5 21. axb5 cxb5 22. Na3 Nc6 23. Nxb5 Nb4 24. Kb1 Rb6 25. Nc3 Rd6 26. Ne2 Bd8 27. c3 Nd5 28. Bxd5 Rxd5 29. Rb7 Kf8 30. Kc2 Ke8 31. Ng3 Rd7 32. Rb5 Rd5 33. Rxd5 exd5 34. Re1+ Kd7 35. Re5 Kd6 36. Re8 Kd7 37. Rf8 Ke7 38. Rh8 h5 39. Nf1 Rc6 40. Ne3 Rd6 41. g3 Rd7 42. Kd3 Rd6 43. h3 Rd7 44. g4 hxg4 45. hxg4 Bc7 46. f5 Kf6 47. Ra8 gxf5 48. Ra7 Ke6 49. gxf5+ Kd6 50. c4 dxc4+ 51. Nxc4+ Kc6 52. Ne5+ Kb6 53. Nxd7+ Kxa7 54. Ne5 f6 55. Nd7 Bd8 56. Kc4 1-0